| Tag |
First Indicator |
Second Indicator |
Subfields |
| LEADER |
00000cam a22000004a 4500 |
| 001 |
in00005524721 |
| 006 |
m o d |
| 007 |
cr cn|---ancau |
| 008 |
040326s2005 flua ob 001 0 eng c |
| 005 |
20241108165915.4 |
| 035 |
|
|
|a (OCoLC)ocn172963437
|
| 040 |
|
|
|a PUL
|b eng
|e pn
|c PUL
|d MNU
|d N$T
|d YDXCP
|d CAI
|d GPRCL
|d IDEBK
|d E7B
|d OCLCQ
|d UIU
|d OCLCQ
|d MYPMP
|d OCLCQ
|d TULIB
|d OCLCF
|d CRCPR
|d OCLCQ
|d OCLCO
|d OCLCQ
|d PIFBY
|d OTZ
|d OCLCQ
|d UAB
|d CAUOI
|d ERL
|d OCLCQ
|d CEF
|d UPM
|d EZ9
|d OCLCQ
|d AU@
|d OCLCQ
|d WYU
|d S9I
|d OCLCQ
|d YDX
|d LEAUB
|d OL$
|d UKAHL
|d OCLCQ
|d OCLCO
|d ZCU
|d SFB
|d OCLCO
|d OCLCQ
|d OCLCO
|d OCLCL
|
| 019 |
|
|
|a 122899360
|a 276936465
|a 648165408
|a 779914852
|a 992022120
|a 994689301
|a 1029498539
|a 1031048171
|a 1047524682
|a 1058062635
|a 1066009755
|a 1260357292
|
| 020 |
|
|
|a 0415317355
|q (alk. paper)
|
| 020 |
|
|
|a 9780415317351
|q (alk. paper)
|
| 020 |
|
|
|a 9780203022856
|q (electronic bk.)
|
| 020 |
|
|
|a 0203022858
|q (electronic bk.)
|
| 020 |
|
|
|a 9781134371181
|
| 020 |
|
|
|a 1134371187
|
| 020 |
|
|
|a 9781134371136
|
| 020 |
|
|
|a 1134371136
|
| 020 |
|
|
|a 9781134371174
|
| 020 |
|
|
|a 1134371179
|
| 024 |
7 |
|
|a 10.1201/9780203022856
|2 doi
|
| 035 |
|
|
|a (OCoLC)172963437
|z (OCoLC)122899360
|z (OCoLC)276936465
|z (OCoLC)648165408
|z (OCoLC)779914852
|z (OCoLC)992022120
|z (OCoLC)994689301
|z (OCoLC)1029498539
|z (OCoLC)1031048171
|z (OCoLC)1047524682
|z (OCoLC)1058062635
|z (OCoLC)1066009755
|z (OCoLC)1260357292
|
| 042 |
|
|
|a pcc
|
| 050 |
|
4 |
|a TK6553
|b .A675 2005
|
| 072 |
|
7 |
|a TEC
|x 036000
|2 bisacsh
|
| 082 |
0 |
4 |
|a 621.36/78
|2 22
|
| 049 |
|
|
|a TXAM
|
| 100 |
1 |
|
|a Armand, N. A.
|
| 245 |
1 |
0 |
|a Radio propagation and remote sensing of the environment /
|c N.A. Armand and V.M. Polyakov.
|
| 260 |
|
|
|a Boca Raton, FL :
|b CRC Press,
|c ©2005.
|
| 300 |
|
|
|a 1 online resource (440 pages) :
|b illustrations
|
| 336 |
|
|
|a text
|b txt
|2 rdacontent
|
| 337 |
|
|
|a computer
|b c
|2 rdamedia
|
| 338 |
|
|
|a online resource
|b cr
|2 rdacarrier
|
| 347 |
|
|
|a data file
|
| 504 |
|
|
|a Includes bibliographical references (pages 427-433) and index.
|
| 505 |
0 |
|
|a This book describes the processes of radio propagation and analyzes the equations that enable estimation of media -- It explores propagation processes and related phenomena including absorption, refraction, reflection, and scattering -- It also analyzes how knowledge of radiowave properties allows accurate estimations of media via inverse problems -- The authors examine the empirical methods that interpret remote sensing data and how they are applied in the creation of useful approximation models, and discuss the operational principles of microwave devices used in remote sensing, and provide insight into the stabilizing a priori information that greatly increases the accuracy of remote sensing solutions.
|
| 520 |
1 |
|
|a "The emergence of microwave technology in the field of remote sensing creates a need to understand the mechanisms of radio propagation and the interaction between waves and surrounding media. Radio Propagation and Remote Sensing of the Environment describes the processes of radio propagation and analyzes the problems that enable estimation of media."
|
| 520 |
8 |
|
|a "The book begins by exploring propagation processes and related phenomena including absorption, refraction, reflection, reflection, and scattering. This discussion demonstrates the relationship between radiowave parameters of amplitude, phrase, frequency, and polarization and media characteristics such as permittivity and shape. The volume presents equations that enable the estimation of the strength of various effects, as well as the detection of these effects against a background of various masking phenomena."--Jacket
|
| 650 |
|
0 |
|a Earth sciences
|x Remote sensing.
|
| 650 |
|
0 |
|a Radio wave propagation.
|
| 650 |
|
6 |
|a Sciences de la terre
|x Télédétection.
|
| 650 |
|
6 |
|a Ondes radioélectriques
|x Propagation.
|
| 650 |
|
7 |
|a TECHNOLOGY & ENGINEERING
|x Remote Sensing & Geographic Information Systems.
|2 bisacsh
|
| 650 |
|
7 |
|a Earth sciences
|x Remote sensing
|2 fast
|
| 650 |
|
7 |
|a Radio wave propagation
|2 fast
|
| 655 |
|
7 |
|a Electronic books.
|2 local
|
| 700 |
1 |
|
|a Poliakov, Valerii Mikhailovich.
|
| 710 |
2 |
|
|a Taylor & Francis.
|
| 758 |
|
|
|i has work:
|a Radio propagation and remote sensing of the environment (Text)
|1 https://id.oclc.org/worldcat/entity/E39PCH69WPRmyFkc9JyGBPjGMd
|4 https://id.oclc.org/worldcat/ontology/hasWork
|
| 776 |
0 |
8 |
|i Print version:
|a Armand, N.A.
|t Radio propagation and remote sensing of the environment.
|d Boca Raton, FL : CRC Press, ©2005
|z 0415317355
|z 9780415317351
|w (DLC) 2004047816
|w (OCoLC)54865286
|
| 856 |
4 |
0 |
|u http://proxy.library.tamu.edu/login?url=https://www.taylorfrancis.com/books/9780429215711
|z Connect to the full text of this electronic book
|t 0
|
| 955 |
|
|
|a Taylor and Francis ENGnetBASE
|
| 994 |
|
|
|a 92
|b TXA
|
| 999 |
f |
f |
|s bc6ce13c-b691-4bae-85db-45a242a3e859
|i 23993b1c-8219-4cc0-86fe-99860cadbe1e
|t 0
|
| 952 |
f |
f |
|a Texas A&M University
|b College Station
|c Electronic Resources
|d Available Online
|t 0
|e TK6553 .A675 2005
|h Library of Congress classification
|
| 998 |
f |
f |
|a TK6553 .A675 2005
|t 0
|l Available Online
|